El siglo XVII / (Record no. 184338)

MARC details
000 -LEADER
campo de control de longitud fija 00919nam a2200253 i 4500
001 - NÚMERO DE CONTROL
campo de control 184338
003 - IDENTIFICADOR DE NÚMERO DE CONTROL
campo de control ES-MaACL
005 - FECHA Y HORA DE LA ÚLTIMA TRANSACCIÓN
campo de control 20250815131504.0
008 - DATOS DE LONGITUD FIJA--INFORMACIÓN GENERAL
campo de control de longitud fija 150624s1970 sp ao |||| |dspa d
080 ## - NÚMERO DE LA CLASIFICACIÓN DECIMAL UNIVERSAL
Número de la Clasificación Decimal Universal 75.034.7
100 1# - ENTRADA PRINCIPAL--NOMBRE DE PERSONA
Nombre de persona Daudy, Philippe.
9 (RLIN) 42809
245 13 - MENCIÓN DEL TÍTULO
Título El siglo XVII /
Mención de responsabilidad, etc. Philippe Daudy.
260 ## - PUBLICACIÓN, DISTRIBUCIÓN, ETC.
Lugar de publicación, distribución, etc. Madrid :
Nombre del editor, distribuidor, etc. Aguilar,
Fecha de publicación, distribución, etc. 1970.
300 ## - DESCRIPCIÓN FÍSICA
Extensión 2 v. :
Otras características físicas il. col. y n. ;
Dimensiones 27 cm.
490 1# - MENCIÓN DE SERIE
Mención de serie Historia general de la pintura ;
Designación de volumen o secuencia 12-13
500 ## - NOTA GENERAL
Nota general Cronología.
500 ## - NOTA GENERAL
Nota general Índice.
504 ## - NOTA DE BIBLIOGRAFÍA, ETC.
Nota de bibliografía, etc. Bibliografía: p. 204; p. 204.
505 8# - NOTA DE CONTENIDO CON FORMATO
Nota de contenido con formato Contiene: v. 1 ;
Título La época barroca - v. 2 ;
-- La pintura iberoamericana. Austria. Bohemia, Moravia. Un húngaro: Adam de Manyoki. El ruso Uchakov. Inglaterra
650 07 - PUNTO DE ACCESO ADICIONAL DE MATERIA--TÉRMINO DE MATERIA
Término de materia o nombre geográfico como elemento de entrada Pintura barroca
Fuente del encabezamiento o término embne
9 (RLIN) 157119
830 0# - PUNTO DE ACCESO ADICIONAL DE SERIE-TÍTULO UNIFORME
Título uniforme Historia general de la pintura ;
Designación de volumen o secuencia 12-13
9 (RLIN) 192109
852 ## - LOCALIZACIÓN
Ubicación ES-MaACL
Número de control de estantería E-15656-57
Nota libre . - enc. cart.
Holdings
Estatus retirado Estado de pérdida Estado de daño No para préstamo Biblioteca de origen Biblioteca actual Ubicación en estantería Fecha de adquisición Fuente de adquisición Total de préstamos Signatura topográfica completa Código de barras Visto por última vez Precio de reemplazo Tipo de ítem Koha
        Biblioteca del Ateneo de Madrid Biblioteca del Ateneo de Madrid Depósito 2 24/06/2015     E-15656-57 1193942 23/02/2023 23/02/2023 Libro impreso